Yankees WAR Leaders by Year - Statistics

General Stats
  • This quiz has been taken 128 times
  • The average score is 34 of 55
Answer Stats
Year WAR Position Answer % Correct
2024 10.8 CF Aaron Judge
100%
2022 10.5 CF Aaron Judge
100%
2021 6.1 RF Aaron Judge
100%
2019 5.6 RF Aaron Judge
100%
2018 5.9 RF Aaron Judge
100%
2017 8.0 RF Aaron Judge
100%
2009 6.6 SS Derek Jeter
99%
1999 8.0 SS Derek Jeter
99%
1998 7.5 SS Derek Jeter
99%
2008 6.8 3B Alex Rodriguez
98%
2007 9.4 3B Alex Rodriguez
98%
2005 9.4 3B Alex Rodriguez
98%
2004 7.6 3B Alex Rodriguez
98%
2023 7.4 SP Gerrit Cole
97%
2000 5.5 C Jorge Posada
84%
2011 6.4 SP CC Sabathia
83%
1987 5.1 1B Don Mattingly
83%
1986 7.2 1B Don Mattingly
83%
1984 6.3 1B Don Mattingly
83%
2013 6.6 2B Robinson Cano
83%
2012 8.4 2B Robinson Cano
83%
2010 8.1 2B Robinson Cano
83%
1997 8.4 SP Andy Pettitte
78%
1996 5.6 SP Andy Pettitte
78%
1995 6.4 CF Bernie Williams
74%
1973 7.2 C Thurman Munson
64%
2020 3.0 2B DJ LeMahieu
62%
2002 7.1 1B Jason Giambi
61%
2014 3.8 LF Brett Gardner
59%
2003 6.5 SP Mike Mussina
58%
2001 7.1 SP Mike Mussina
58%
2016 5.2 SP Masahiro Tanaka
55%
1983 5.3 SP Ron Guidry
55%
1979 6.5 SP Ron Guidry
55%
1978 9.6 SP Ron Guidry
55%
1977 5.5 3B Graig Nettles
50%
1976 8.0 3B Graig Nettles
50%
1980 6.6 2B Willie Randolph
48%
1988 6.3 LF Rickey Henderson
43%
1985 9.9 LF Rickey Henderson
43%
2015 5.9 RP Dellin Betances
42%
1982 4.5 CP Goose Gossage
35%
1994 4.5 3B Wade Boggs
35%
1971 6.7 LF Roy White
28%
1970 6.8 LF Roy White
28%
1975 8.1 SP Catfish Hunter
27%
1972 8.2 CF Bobby Murcer
25%
2006 6.0 SP Chien-Ming Wang
24%
1993 6.3 SP Jimmy Key
23%
1991 4.2 2B Steve Sax
18%
1989 4.4 2B Steve Sax
18%
1981 3.5 SP Dave Righetti
14%
1990 5.5 CF Roberto Kelly
12%
1974 5.4 CF Elliott Maddox
10%
1992 5.9 SP Melido Perez
7%
No matching quizzes found
Score Distribution
Percent of People with Each Score
Percentile by Number Answered
Your Score History
You have not taken this quiz